Statistiques concernant Table de 13, 17 et 19 aléatoire

Cliquez ici pour prendre le quiz!

Statistiques générales

  • Ce quiz a été pris 67 fois
  • Le résultat moyen est 5 sur 10

Statistiques - réponses

HintRéponse% Correct
17 x 9153
100%
17 x 117
100%
17 x 10170
100%
19 x 119
100%
19 x 10190
100%
17 x 12204
100%
19 x 357
100%
17 x 468
100%
13 x 678
100%
17 x 11187
83%
19 x 8152
75%
19 x 9171
75%
17 x 13221
75%
17 x 351
75%
17 x 20340
71%
13 x 10130
67%
19 x 11209
67%
17 x 15255
67%
13 x 20260
67%
19 x 15285
67%
17 x 234
67%
13 x 452
67%
17 x 6102
50%
13 x 9117
50%
13 x 113
50%
13 x 11143
50%
13 x 19247
50%
13 x 226
50%
19 x 16304
50%
17 x 18306
50%
19 x 238
50%
19 x 20380
50%
13 x 565
50%
13 x 791
50%
13 x 15195
40%
13 x 18234
40%
19 x 6114
33%
19 x 7133
33%
17 x 8136
33%
17 x 16272
33%
19 x 19361
33%
19 x 595
33%
13 x 339
25%
13 x 13169
20%
17 x 19323
20%
13 x 8104
0%
17 x 7119
0%
13 x 12156
0%
13 x 14182
0%
13 x 16208
0%
13 x 17221
0%
19 x 12228
0%
17 x 14238
0%
19 x 13247
0%
19 x 14266
0%
17 x 17289
0%
19 x 17323
0%
19 x 18342
0%
19 x 476
0%
17 x 585
0%

Distribution des résultats

Percentile par nombre de réponses

% des personnes avec chaque résultat

Votre développement - résultats

Vous n’avez pas pris ce quiz